00273nam a2200109Ia 4500008004100000245004800041260002200089440000600111521002200117942000700139999001700146140130s9999 xx 000 0 und d cRodda, EmilyaDeltora quest: dread mountain bScholastic,c2000 v1 aGrade 3 - Grade 4 cBK c40950d40950